Prečo treba vychovávať - je vychovávanie problémom?

Posúdenie, či je treba ešte vychovávať. Škola nie je pred vonkajšími vplyvmi uzavretým prostredím. Výchovná práca musí dominovať.

Gespeichert in:
Bibliographische Detailangaben
1. Verfasser: Godla, František
Format: Buchkapitel
Sprache:Slowakisch
Schlagworte:
Tags: Tag hinzufügen
Keine Tags, Fügen Sie das erste Tag hinzu!

MARC

LEADER 00000naa$a2200000$$$4500
001 0093415
005 20231127101625.1
041 0 |a slo 
044 |a SK 
245 1 0 |a Prečo treba vychovávať - je vychovávanie problémom?  |c František Godla 
520 |a Posúdenie, či je treba ešte vychovávať. Škola nie je pred vonkajšími vplyvmi uzavretým prostredím. Výchovná práca musí dominovať. 
610 2 0 |a riaditelia 
610 2 0 |a školy 
610 2 0 |a výchova 
610 2 0 |a osobnosť 
610 2 0 |a učitelia 
100 1 |a Godla, František